Virtuálna asistentka v ekologickej doprave

Salvato in:
Dettagli Bibliografici
Autore principale: Jankanič, Adam (Autore)
Altri autori: Kunštár, Vladimír (Relatore della tesi)
Natura: Manoscritto Libro
Lingua:slovacco
Pubblicazione: 2025
Soggetti:
Accesso online:http://is.stuba.sk/zp/portal_zp.pl?podrobnosti=183864
Tags: Aggiungi Tag
Nessun Tag, puoi essere il primo ad aggiungerne!!

MARC

LEADER 00000ntm a22000003a 4500
001 stuzp105824
003 SK-STU
005 20250607211734.3
007 ta
008 150427s2015----xo-----f-mn---000-0-slo-d
040 |a STU  |b slo 
041 0 |a slo 
100 1 |a Jankanič, Adam  |u 070400  |4 aut  |U FIIT Fakulta informatiky a informačných technológií  |T FIIT Ústav počítačového inžinierstva a aplikovanej informatiky  |X 110807  |U I400  |Y 672  |7 110807 
242 0 1 |a Virtual Assistant In Ecological Transport  |y eng 
245 1 0 |a Virtuálna asistentka v ekologickej doprave 
260 |c 2025 
650 4 |a web application  |2 eng 
650 4 |a React.js  |2 eng 
650 4 |a public transport  |2 eng 
650 4 |a webová aplikácia  |2 slo 
650 4 |a verejná doprava  |2 slo 
650 4 |a React.js  |2 slo 
700 1 |a Kunštár, Vladimír  |u 070400  |k Z8  |4 ths  |U FIIT Fakulta informatiky a informačných technológií  |T FIIT Ústav počítačového inžinierstva a aplikovanej informatiky  |X 64527  |U I400  |Y 672  |7 A000064527 
856 4 |u http://is.stuba.sk/zp/portal_zp.pl?podrobnosti=183864